Utilización de fertilizantes por cultivo.

Guardado en:
Autor Corporativo: Organización de las Naciones Unidas para la Agricultura y la Alimentación.
Formato: Libro
Idioma:Spanish
Publicado: Roma : FAO, 1999.
Etiquetas: Agregar Etiqueta
Sin Etiquetas, Sea el primero en etiquetar este registro!
LEADER 00454nam a22001335a 4500
001 EEA.libagro006434
005 20180622100551.0
008 130809s1999####it#a##########000#0#spa#d
082 0 4 |a 631.8 
110 2 |a Organización de las Naciones Unidas para la Agricultura y la Alimentación. 
245 1 0 |a Utilización de fertilizantes por cultivo. 
260 |a Roma :  |b FAO,  |c 1999. 
300 |a 52 p. :  |b il. ;  |c 30 cm. 
859 |a AR-BbBCA  |b BIB. AGRONOMIA  |h 631.8  |i F218a4  |p 1999/3800